Métodos y modelos de investigación de Operaciones vol. I : modelos determinísticos

Bibliographic Details
Main Author: Prawda Witenberg, Juan
Format: Section = Libro
Language:Undetermined
Spanish
Published: México Limusa 1976
Subjects:
LEADER 00574nam a2200193Ia 4500
008 240829s9999 xx 000 0 und d
020 |a 968-18-0590-1 
040 |a BIBLIOTECA-RUSB/ 658.4034 P918 
041 |a spa 
082 |a 658.4034 P918 
100 1 |a Prawda Witenberg, Juan 
245 1 0 |a Métodos y modelos de investigación de Operaciones vol. I : modelos determinísticos 
260 |a México  |b Limusa  |c 1976 
300 |a 935 p. :il. 
650 7 |a METODOS DE LA INVESTIGACION 
650 7 |b  INVESTIGACION DE OPERACIONES 
942 |c BK  |2 ddc 
991 |a TEXTO 
999 |c 4144